Závislost na drogách /

Hlavní autor: Záškodná, Helena
Korporativní autor: Ostravská univerzita. Katedra psychologie a sociální práce
Jazyk: Čeština
Vydáno: Ostrava : Ostravská univerzita, Filozofická fakulta, 2004
Vydání: Vyd. 1.
Témata:
Externí odkaz: Digitalizovaný dokument
Fyzický popis: 64 s. ; 30 cm
Knihy
Uloženo v:
LEADER 01584nam a2200385 a 4500
001 000758565
003 CZ BrMZK
005 20050204114309.0
007 ta
008 050107s2004 xr erp 000 0 cze d
015 |a cnb001495877 
020 |a 80-7042-689-6  |q (brož.) :  |c Kč 95,00 
035 |a (OCoLC)85133974 
040 |a BOA001  |b cze 
072 7 |a 364  |x Sociální problémy vyžadující podporu a pomoc. Sociální zabezpečení  |2 Konspekt  |9 18 
072 7 |a 37.016  |x Učební osnovy. Vyučovací předměty. Učebnice  |2 Konspekt  |9 22 
080 |a 364.692:615.015.6  |2 MRF 
080 |a 613.81/.84  |2 MRF 
080 |a (075.8)  |2 MRF 
100 1 |a Záškodná, Helena  |7 jn20001005730  |4 aut 
245 1 0 |a Závislost na drogách /  |c Helena Záškodná 
250 |a Vyd. 1. 
260 |a Ostrava :  |b Ostravská univerzita, Filozofická fakulta,  |c 2004 
300 |a 64 s. ;  |c 30 cm 
500 |a Nad názvem: Ostravská univerzita v Ostravě. Filozofická fakulta. Katedra psychologie a sociální práce 
500 |a 100 výt. 
504 |a Obsahuje bibliografie 
650 0 7 |a drogová závislost  |7 ph117184  |2 czenas 
655 7 |a učebnice vysokých škol  |7 fd133772  |2 czenas 
710 2 |a Ostravská univerzita.  |b Katedra psychologie a sociální práce  |7 mzk2004218899 
856 4 1 |u http://www.digitalniknihovna.cz/mzk/uuid/uuid:859e5d10-9540-11e2-9a9f-005056827e51  |y Digitalizovaný dokument  |x NDK 
910 |a BOA001  |b 4-1144.901 
990 |a BK 
991 |b 200502  |c NOV 
996 6 |b 2610237626  |c 4-1144.901  |l MZK  |r Sklad / do 1 hodiny  |n 33  |p p.v.  |w 000758565  |u 000010  |a 1  |e BOA001  |j MZK50  |s P